01081pab a2200181 454500008004000000100002000040245006100060260000900121300001300130362001100143520057400154650001600728773001800744908000600762909001000768999001700778952010400795180718b2007 xxu||||| |||| 00| 0 eng d aKrishna, Kamini aIs international aid the panacea form Africa's problems? c2007 ap.68-84. aAutumn aDespite the amount of aid coming into Africa, poverty has continued to deepen and the majority of people have become poorer. Although some plans may have initially shown a promising future (allebit on a small scale), they have now been hampered and are in dire need of an economic revival. This article highlights the origins and routes through which international aid is channelled, analyses its impact and takes a close look at Africa's compulsions, in view of the neo-colonialistic, character and goals of the policies implemented by developed nations. - Reproduced. aForeign aid aWorld Affairs aN a77236 c77236d77236 00104070aIIPAbIIPAd2018-07-19hVolume no: 11, Issue no: 3pAR77696r2018-07-19w2018-07-19yAR